Vývoj úverového portfólia v rokoch 1993-2000

Miera úverového rizika je ovplyvňovaná výkonnosťou úverových dlžníkov. Dôležitosť miery súladu medzi úverovými podmienkami a reálnou reprodukciou finančných tokov úverového dlžníka. Posúdenie hodnoty úverov rozvojového, prípadne ozdravného charakteru. Základný faktor ovplyvňujúci rizikovosť úverovéh...

Descripción completa

Guardado en:
Detalles Bibliográficos
Autor principal: Preisinger, Dušan
Formato: Capítulo de libro
Lenguaje:eslovaco
Materias:
Etiquetas: Agregar Etiqueta
Sin Etiquetas, Sea el primero en etiquetar este registro!

MARC

LEADER 00000naa a2200000 4500
001 r044590
005 20220505120517.2
041 0 |a slo 
044 |a SK 
245 1 0 |a Vývoj úverového portfólia v rokoch 1993-2000  |c Dušan Preisinger 
520 |a Miera úverového rizika je ovplyvňovaná výkonnosťou úverových dlžníkov. Dôležitosť miery súladu medzi úverovými podmienkami a reálnou reprodukciou finančných tokov úverového dlžníka. Posúdenie hodnoty úverov rozvojového, prípadne ozdravného charakteru. Základný faktor ovplyvňujúci rizikovosť úverového obchodu - vplyv úveru na vývoj pracovného kapitálu úverového dlžníka. Vzťah medzi odvetvovým úverovým rizikom a vybranými odvetvovými parametrami výkonnosti. 
610 2 0 |a úver 
610 2 0 |a portfólio 
610 2 0 |a Slovensko 
610 2 0 |a riziko úverové 
610 2 0 |a odvetvia činnosti ekonomickej 
610 2 0 |a návratnosť úveru 
610 2 0 |a 1993-2000 
100 1 |a Preisinger, Dušan